[Event "2nd Gujarat Open 2019"]
[Site "Ahmedabad, Gujarat"]
[Date "2019.09.27"]
[Round "8.13"]
[White "Neelotpal, Das"]
[Black "Patil, Pratik"]
[Result "1-0"]
[WhiteElo "2433"]
[BlackElo "2187"]
[Annotator "NA"]
[PlyCount "35"]
[EventDate "2019.09.22"]
[EventType "swiss"]
[EventCountry "IND"]
[SourceTitle "playchess.com"]
[Source "ChessBase"]
[SourceQuality "1"]
[TimeControl "5400+30"]

1. e4 {[%emt 0:00:00]} c5 {[%emt 0:09:46]} 2. Nf3 {[%emt 0:00:08]} e6 {[%emt 0:00:31]} 3. d4 {[%emt 0:00:26]} cxd4 {[%emt 0:00:06]} 4. Nxd4 {[%emt 0:00:05]} a6 {[%emt 0:00:06]} 5. Nc3 {[%emt 0:00:10]} b5 {[%emt 0:00:12]} 6. Bd3 {[%emt 0:00:20]} Qb6 {[%emt 0:00:03]} 7. Nb3 {[%emt 0:00:48]} Qc7 {[%emt 0:00:02]} 8. O-O {[%emt 0:00:13]} Nf6 {[%emt 0:01:36]} 9. f4 {[%emt 0:00:34]} b4 {[%emt 0:00:46]} 10. Nb1 {[%emt 0:03:55]} Bb7 {[%emt 0:02:08]} 11. Qe2 {[%emt 0:00:43]} d6 {[%emt 0:16:02]} 12. N1d2 {[%emt 0:09:02]} Nbd7 {[%emt 0:01:03]} 13. a3 {[%emt 0:06:45]} a5 {[%emt 0:05:06]} 14. Nd4 {[%emt 0:14:51]} Qb6 {[%emt 0:11:40]} 15. Nc4 {[%emt 0:02:47]} Qc5 {[%emt 0:03:15]} 16. Be3 {[%emt 0:03:36]} Qh5 {[%emt 0:00:07]} 17. Qxh5 {[%emt 0:01:30]} Nxh5 {[%emt 0:00:02]} 18. Nb5 {[%emt 0:06:52]} 1-0

[Event "2nd Gujarat Open 2019"]
[Site "Ahmedabad, Gujarat"]
[Date "2019.09.27"]
[Round "8.14"]
[White "Rahman, Ziaur"]
[Black "Sobh, Amrou"]
[Result "1-0"]
[WhiteElo "2492"]
[BlackElo "2172"]
[Annotator "ChessBase"]
[PlyCount "111"]
[EventDate "2019.09.22"]
[EventType "swiss"]
[EventCountry "IND"]
[SourceTitle "playchess.com"]
[Source "ChessBase"]
[SourceQuality "1"]
[TimeControl "5400+30"]

1. d4 {[%emt 0:00:21]} Nf6 {[%emt 0:00:00]} 2. Bg5 {[%emt 0:01:20]} g6 {[%emt 0:01:05]} 3. Bxf6 {[%emt 0:01:46]} exf6 {[%emt 0:00:03]} 4. e3 {[%emt 0:01:13]} Bg7 {[%emt 0:01:13]} 5. c4 {[%emt 0:00:41]} O-O {[%emt 0:01:15]} 6. Nc3 {[%emt 0:00:12]} d6 {[%emt 0:01:36]} 7. Be2 {[%emt 0:08:33]} c5 {[%emt 0:00:25]} 8. Nf3 {[%emt 0:00:43]} Nc6 {[%emt 0:00:59]} 9. h3 {[%emt 0:06:28]} f5 {[%emt 0:00:50]} 10. O-O {[%emt 0:03:31]} Qb6 {[%emt 0:02:55]} 11. Rb1 {[%emt 0:06:37]} Re8 {[%emt 0:09:52]} 12. Nd5 {[%emt 0:01:36]} Qd8 {[%emt 0:00:24]} 13. b4 {[%emt 0:03:46]} b6 {[%emt 0:05:23]} 14. bxc5 {[%emt 0:03:16]} dxc5 {[%emt 0:00:33]} 15. dxc5 {[%emt 0:00:12]} bxc5 {[%emt 0:02:03]} 16. Qa4 {[%emt 0:10:15]} Bd7 {[%emt 0:03:17]} 17. Qa3 {[%emt 0:03:24]} Bf8 {[%emt 0:01:08]} 18. Rfd1 {[%emt 0:01:18]} Nb4 {[%emt 0:00:28]} 19. Qb2 {[%emt 0:03:11]} Nxd5 {[%emt 0:03:02]} 20. cxd5 {[%emt 0:02:43]} Bd6 {[%emt 0:00:43]} 21. Bc4 {[%emt 0:01:15]} Rb8 {[%emt 0:00:33]} 22. Qc3 {[%emt 0:01:58]} Rb6 {[%emt 0:01:15]} 23. g3 {[%emt 0:00:55]} Qb8 {[%emt 0:01:56]} 24. Rxb6 {[%emt 0:00:03]} axb6 {[%emt 0:00:11]} 25. Rb1 {[%emt 0:02:08]} Bxg3 {[%emt 0:00:49]} 26. Qb3 {[%emt 0:00:15]} Qd6 {[%emt 0:02:14]} 27. Kg2 {[%emt 0:00:58]} Be5 {[%emt 0:02:29]} 28. Qxb6 {[%emt 0:00:13]} Rb8 {[%emt 0:01:50]} 29. Qxb8+ {[%emt 0:00:22]} Qxb8 {[%emt 0:00:01]} 30. Rxb8+ {[%emt 0:00:07]} Bxb8 {[%emt 0:00:02]} 31. Nd2 {[%emt 0:01:34]} Kf8 {[%emt 0:00:56]} 32. Nb3 {[%emt 0:02:49]} Ba7 {[%emt 0:07:56]} 33. h4 {[%emt 0:02:39]} Bb6 {[%emt 0:01:10]} 34. Ba6 {[%emt 0:03:02]} h5 {[%emt 0:03:45]} 35. Nd2 {[%emt 0:01:05]} Bd8 {[%emt 0:00:15]} 36. Kg3 {[%emt 0:00:51]} Bc7+ {[%emt 0:02:06]} 37. Kg2 {[%emt 0:02:36]} Ke7 {[%emt 0:00:47]} 38. Nc4 {[%emt 0:02:32]} Ba4 {[%emt 0:01:30]} 39. f3 {[%emt 0:00:18]} f6 {[%emt 0:02:05]} 40. Kf2 {[%emt 0:01:39]} f4 {[%emt 0:04:32]} 41. e4 {[%emt 0:00:43]} Bb8 {[%emt 0:01:23]} 42. Nb6 {[%emt 0:01:29]} Bd7 {[%emt 0:03:52]} 43. a4 {[%emt 0:00:35]} Ba7 {[%emt 0:07:17]} 44. a5 {[%emt 0:00:51]} Kd8 {[%emt 0:08:08]} 45. Kg2 {[%emt 0:05:53]} Be8 {[%emt 0:05:24]} 46. Nc4 {[%emt 0:02:12]} Kc7 47. Nb2 {[%emt 0:02:43]} Kd6 {[%emt 0:00:58]} 48. Nd3 {[%emt 0:00:15]} g5 {[%emt 0:05:47]} 49. hxg5 {[%emt 0:00:30]} fxg5 {[%emt 0:00:07]} 50. Bc4 {[%emt 0:00:07]} Bg6 {[%emt 0:01:08]} 51. a6 {[%emt 0:00:23]} Kc7 {[%emt 0:01:01]} 52. Bb5 {[%emt 0:01:59]} Kb6 {[%emt 0:00:31]} 53. d6 {[%emt 0:02:09]} Bb8 {[%emt 0:01:41]} 54. d7 {[%emt 0:00:33]} Kc7 {[%emt 0:01:33]} 55. Nxc5 {[%emt 0:00:32]} Bf7 {[%emt 0:00:15]} 56. Nb7 {[%emt 0:00:12]} 1-0

[Event "2nd Gujarat Open 2019"]
[Site "Ahmedabad, Gujarat"]
[Date "2019.09.27"]
[Round "8.15"]
[White "Laxman, R.R."]
[Black "Sanket Chakravarty"]
[Result "1-0"]
[WhiteElo "2437"]
[BlackElo "2158"]
[Annotator "NA"]
[PlyCount "103"]
[EventDate "2019.09.22"]
[EventType "swiss"]
[EventCountry "IND"]
[SourceTitle "playchess.com"]
[Source "ChessBase"]
[SourceQuality "1"]
[TimeControl "5400+30"]

1. d4 Nf6 2. Nf3 e6 3. c4 d5 4. e3 Be7 5. Nc3 O-O 6. Bd3 dxc4 7. Bxc4 a6 8. e4 c5 9. e5 Nd5 10. Bxd5 exd5 11. dxc5 Bxc5 12. Qxd5 Qxd5 13. Nxd5 Nc6 14. Be3 Bxe3 15. Nxe3 Re8 16. O-O-O h5 17. h3 Nxe5 18. Nxe5 Rxe5 19. Rd8+ Kh7 20. Kd2 Re7 21. Rd1 Rd7+ 22. Kc3 Rc7+ 23. Kb4 b5 24. Ka5 Raa7 25. Nd5 Rc2 26. Nb4 Rc5 27. R1d5 Rac7 28. Rxc5 Rxc5 29. Kb6 Rc4 30. a3 Be6 31. Kxa6 Rf4 32. Rd2 Bc4 33. g3 Rf6+ 34. Ka5 h4 35. gxh4 Kh6 36. Nc2 Kh5 37. Ne3 Kxh4 38. a4 bxa4 39. Nxc4 Rf4 40. Rc2 Kxh3 41. Kxa4 g5 42. b4 f5 43. b5 Rd4 44. b6 g4 45. b7 Rd8 46. Kb5 f4 47. Kb6 Rb8 48. Kc7 Rxb7+ 49. Kxb7 f3 50. Ne3 g3 51. fxg3 Kxg3 52. Nf1+ 1-0

[Event "2nd Gujarat Open 2019"]
[Site "Ahmedabad, Gujarat"]
[Date "2019.09.27"]
[Round "8.16"]
[White "Murshed, Niaz"]
[Black "Thanki, Hemal Karsanji"]
[Result "1/2-1/2"]
[WhiteElo "2405"]
[BlackElo "2098"]
[Annotator "TA"]
[PlyCount "169"]
[EventDate "2019.09.22"]
[EventType "swiss"]
[EventCountry "IND"]
[SourceTitle "playchess.com"]
[Source "ChessBase"]
[SourceQuality "1"]

{[%evp 21,169,0,0,0,0,0,0,0,0,-31,-26,-41,-45,-141,-120,-172,-159,-141,-98,-116,-115,-254,-116,-97,-79,-79,-43,-22,-18,-7,0,0,0,-111,-129,-230,-220,-230,-204,-239,-238,-238,-219,-235,-233,-196,-233,-232,-237,-236,-220,-209,-197,-187,-116,-242,-253,-214,-142,-329,-329,-349,-339,-375,-371,-371,-371,-356,-349,-349,-328,-291,-302,-336,-330,-349,-341,-334,-330,-330,-297,-295,-261,-330,-323,-254,-153,-153,-153,-153,-153,-153,-54,-153,-153,-173,-173,-173,-153,-153,0,-173,-173,-173,-173,-173,-173,-173,-173,-173,-173,-29973,-173,-173,-173,-29962,-173,-173,-173,-173,-173,-173,0,-173,-153,-173,-173,-173,-173,-173,-173,-173,-8,-173,-8,-173,-153,-164,-164,-169,-8,-169,-169,-169,-169,-176,-176,-176,-176,-169]} 1. d4 Nf6 2. c4 e6 3. g3 c5 4. d5 exd5 5. cxd5 d6 6. Nc3 g6 7. Bg2 Bg7 8. Nf3 O-O 9. O-O Re8 10. Bf4 Ne4 11. Nxe4 Rxe4 12. Nd2 {A62: Modern Benoni: Fianchetto Variation without early ...Nbd7} Rxf4 13. gxf4 Bxb2 14. Rb1 {The position is equal.} Bg7 15. f5 Nd7 {[#]} 16. e4 $146 ({Predecessor:} 16. fxg6 hxg6 17. Nc4 Qh4 18. f4 Nb6 19. Nxd6 Bd4+ {1-0 (47) Nikolic,P (2606)-Ootes,L (2400) Netherlands 2016}) 16... b5 {[%cal Bb7b5,Bb5b4][%mdl 32]} 17. a4 (17. Qb3 $15) 17... b4 $1 $17 18. fxg6 (18. f4 $17) 18... hxg6 $19 19. f4 Rb8 20. Kh1 Qh4 21. Nc4 (21. Qe2 $17 {was necessary.}) 21... Nf6 (21... Ba6 $19 22. Qc2 Bd4) 22. Qe1 $17 Qxe1 $1 23. Rfxe1 Ne8 24. e5 Bh6 25. exd6 Nf6 26. Re7 Bf5 $1 {[%cal Rf5b1]} 27. Rbe1 (27. Rb3 $11 {keeps the balance.}) 27... b3 28. Be4 (28. Ne3 $17 {was called for.} Bd7 29. Nc4) 28... Bxe4+ $19 29. R1xe4 Nxe4 30. Rxe4 {[%mdl 4096] Endgame KRB-KRN} Kf8 ({And not} 30... b2 31. Nxb2 $1 {[%mdl 512]} Rd8 32. Nc4 $14) 31. d7 Rd8 $1 32. Re3 Rxd7 {White must now prevent ...Rb7.} 33. Rxb3 Rxd5 34. Rb7 Bxf4 35. Rxa7 Rh5 36. Kg2 Rxh2+ 37. Kf3 Kg7 (37... g5 $19 38. Ra8+ Ke7) 38. a5 (38. Ra5 $17) 38... Rc2 39. Nb6 Bh2 40. Ke4 $2 (40. a6 $17 {was forced.} Ra2 41. Ke4) 40... c4 41. Ra8 Bg1 42. Nd5 Re2+ 43. Kf3 Re5 44. Rd8 {[#]} c3 $1 45. Nxc3 Rxa5 46. Ne4 Rf5+ 47. Kg4 Be3 {Threatens to win with ...Rf4+.} 48. Nd6 Rf4+ 49. Kg3 g5 50. Ne8+ Kf8 51. Nc7+ Ke7 $1 ({But not} 51... Kg7 52. Rd7 $19) 52. Rd3 Bf2+ 53. Kg2 {aiming for Nd5+.} Kf8 54. Rf3 Rxf3 55. Kxf3 $17 {KB-KN} Be1 {Hoping for ...Kg7.} 56. Kg4 Bd2 (56... Ba5 $1 $17 {[%cal Ra5c7]} 57. Nb5 f6) 57. Nd5 ({White should try} 57. Nb5 $1 $15) 57... Kg7 58. Ne7 Kf6 59. Nf5 Kg6 60. Ne7+ Kf6 61. Nf5 Be1 62. Ne3 Bf2 63. Nf5 Bc5 64. Ng3 {intending Ne4+.} Kg6 65. Nf5 f6 66. Ng3 {[#]} Ba7 $2 (66... Bg1 $1 67. Nf5 Bc5 68. Ng3 Be7 69. Nf5 Bd8 70. Ne3 Ba5 71. Nf5 Bd8 72. Ne3 Bb6 73. Nf5 Bg1 74. Nd6 Bd4 75. Nf5 Bb2 76. Ne7+ Kg7 77. Nd5 Be5 78. Kf5 Kh6 79. Kg4 Kg6 80. Ne7+ Kf7 81. Nf5 Bc3 82. Kh5 Ke6 83. Kg4 Kf7 84. Kh5 Ke6 85. Kg4 Be5 86. Ng7+ Kf7 87. Nf5 Ke6 88. Ng7+ Kd5 89. Nf5 Ke6) 67. Nf5 $19 Bb6 68. Ng3 $2 (68. Ne7+ $19 Kh6 69. Nd5) 68... Bc7 $2 (68... Bg1 {mates} 69. Nf5 Kf7 70. Kf3 Ke6 71. Ng7+ Ke5 72. Kg4 Be3 73. Nf5 Bd2 74. Nh6 Ke4 75. Nf5 Bb4 76. Ng7 Bd6 77. Nf5 Be5 78. Ng7 Bf4 79. Nf5 Ke5 80. Nh6 Be3 81. Nf5 Bd4 82. Ng3 Bb2 83. Nf5 Ke6 84. Ng7+ Ke5 85. Ne8 Bc3 86. Ng7 Bb4 87. Nf5 Bd2 88. Ng3 Bf4 89. Nf5 Bh2 90. Ne3 Ke4 91. Nf5 Kd5 92. Ne7+ Ke5 93. Kh5 Ke4 94. Kg4 Bc7 95. Nf5 Bf4 96. Ng7 Bd6 97. Nf5 Be5 98. Ne7 Bd4 99. Nf5 Bc5 100. Ng3+ Ke5 101. Nh5 Bb6 102. Ng3 Be3 103. Nf5) 69. Nf5 Be5 70. Ne3 Bd4 71. Nf5 Bc5 72. Ng3 Kf7 73. Nf5 Ke6 74. Ng7+ Ke5 75. Nf5 Bf2 76. Ng7 Ke4 $2 (76... Bg1 $19 {And now ...Bc5 would win.} 77. Nf5 Bf2) 77. Nf5 $2 {[#]} (77. Nh5 $1 $11) 77... Bd4 $2 (77... Bh4 $1 $19 {Strongly threatening ...Ke5.} 78. Nd6+ (78. Nxh4 gxh4) 78... Kd5) 78. Ng3+ $2 (78. Nd6+ $1 $11 Kd3 79. Kf5) 78... Kd3 79. Nf5 Be5 80. Nh6 Kd4 $2 ({Black should play} 80... Ke4 $19 {...Bd4 is the strong threat.} 81. Nf5 Bf4) 81. Nf5+ $2 (81. Kf5 $11 {and White is okay.}) 81... Kd5 {Black is clearly better.} 82. Ne7+ Ke6 83. Nf5 Bf4 84. Ng7+ Kf7 85. Nf5 {Accuracy: White = 42%, Black = 54%.} 1/2-1/2

[Event "2nd Gujarat Open 2019"]
[Site "Ahmedabad, Gujarat"]
[Date "2019.09.27"]
[Round "8.17"]
[White "Soham Datar"]
[Black "Vlassov, Nikolai"]
[Result "0-1"]
[WhiteElo "2160"]
[BlackElo "2384"]
[Annotator "NA"]
[PlyCount "86"]
[EventDate "2019.09.22"]
[EventType "swiss"]
[EventCountry "IND"]
[SourceTitle "playchess.com"]
[Source "ChessBase"]
[SourceQuality "1"]
[TimeControl "5400+30"]

1. c4 {[%emt 0:00:00]} f5 {[%emt 0:00:00]} 2. g3 {[%emt 0:00:01]} Nf6 {[%emt 0:00:00]} 3. Bg2 {[%emt 0:00:06]} e5 {[%emt 0:00:05]} 4. Nc3 {[%emt 0:00:23]} Nc6 {[%emt 0:00:08]} 5. d3 {[%emt 0:01:32]} h6 {[%emt 0:00:08]} 6. e3 {[%emt 0:00:12]} d6 {[%emt 0:00:11]} 7. Nge2 {[%emt 0:00:08]} g5 {[%emt 0:00:10]} 8. h4 {[%emt 0:01:49]} Bg7 {[%emt 0:03:23]} 9. Nd5 {[%emt 0:02:00]} Be6 {[%emt 0:02:30]} 10. hxg5 {[%emt 0:01:08]} hxg5 {[%emt 0:00:03]} 11. Rxh8+ {[%emt 0:00:05]} Bxh8 {[%emt 0:00:04]} 12. d4 {[%emt 0:00:08]} Bxd5 {[%emt 0:04:21]} 13. cxd5 {[%emt 0:00:26]} Ne7 {[%emt 0:00:03]} 14. dxe5 {[%emt 0:01:42]} dxe5 {[%emt 0:00:03]} 15. Nc3 {[%emt 0:00:51]} e4 {[%emt 0:00:27]} 16. g4 {[%emt 0:02:47]} Nxg4 {[%emt 0:07:33]} 17. Bxe4 {[%emt 0:00:24]} Bxc3+ {[%emt 0:01:14]} 18. bxc3 {[%emt 0:00:04]} Qd7 {[%emt 0:04:11]} 19. Bf3 {[%emt 0:01:37]} O-O-O {[%emt 0:00:35]} 20. d6 {[%emt 0:23:25]} cxd6 {[%emt 0:03:10]} 21. Rb1 {[%emt 0:00:04]} Nc6 {[%emt 0:00:23]} 22. Ba3 {[%emt 0:03:34]} Nge5 {[%emt 0:00:45]} 23. Bd5 {[%emt 0:00:10]} f4 {[%emt 0:03:35]} 24. Qb3 {[%emt 0:10:08]} Re8 {[%emt 0:01:25]} 25. Bxd6 {[%emt 0:01:24]} fxe3 {[%emt 0:00:15]} 26. c4 {[%emt 0:07:00]} exf2+ {[%emt 0:01:20]} 27. Kf1 {[%emt 0:00:47]} Ng4 {[%emt 0:06:14]} 28. Bf3 {[%emt 0:03:38]} Re1+ {[%emt 0:17:40]} 29. Rxe1 {[%emt 0:00:23]} fxe1=Q+ {[%emt 0:00:05]} 30. Kxe1 {[%emt 0:00:12]} Qxd6 {[%emt 0:00:30]} 31. Bxg4+ {[%emt 0:00:04]} Kc7 {[%emt 0:00:06]} 32. Bf3 {[%emt 0:07:16]} Qb4+ {[%emt 0:01:51]} 33. Kf2 {[%emt 0:02:09]} Qxb3 {[%emt 0:00:36]} 34. axb3 {[%emt 0:00:02]} Na5 {[%emt 0:00:41]} 35. Bd1 {[%emt 0:00:39]} Kd6 {[%emt 0:00:08]} 36. Kg3 {[%emt 0:01:14]} Kc5 {[%emt 0:00:07]} 37. Kg4 {[%emt 0:00:02]} Kb4 {[%emt 0:00:09]} 38. Kxg5 {[%emt 0:00:11]} Nxb3 {[%emt 0:00:07]} 39. Kf6 {[%emt 0:00:28]} a5 {[%emt 0:00:17]} 40. Ke5 {[%emt 0:00:17]} a4 {[%emt 0:00:08]} 41. Bc2 {[%emt 0:00:34]} Kc3 {[%emt 0:00:21]} 42. Bb1 {[%emt 0:00:42]} Kb2 {[%emt 0:00:19]} 43. Be4 {[%emt 0:00:07]} a3 {[%emt 0:00:30] Kd4} 0-1

[Event "2nd Gujarat Open 2019"]
[Site "Ahmedabad, Gujarat"]
[Date "2019.09.27"]
[Round "8.18"]
[White "Aradhya, Garg"]
[Black "Rathnakaran, K.."]
[Result "0-1"]
[WhiteElo "2157"]
[BlackElo "2325"]
[Annotator "NA"]
[PlyCount "168"]
[EventDate "2019.09.22"]
[EventType "swiss"]
[EventCountry "IND"]
[SourceTitle "playchess.com"]
[Source "ChessBase"]
[SourceQuality "1"]
[TimeControl "5400+30"]

1. d4 {[%emt 0:00:00]} g6 {[%emt 0:03:45]} 2. e4 {[%emt 0:00:00]} c6 {[%emt 0:00:04]} 3. Nf3 {[%emt 0:00:33]} d5 {[%emt 0:00:08]} 4. Nc3 {[%emt 0:18:27]} Bg4 {[%emt 0:00:13]} 5. exd5 {[%emt 0:03:27]} cxd5 {[%emt 0:00:05]} 6. Bb5+ {[%emt 0:03:57]} Nc6 {[%emt 0:00:07]} 7. Bg5 {[%emt 0:08:05]} Bg7 {[%emt 0:03:00]} 8. h3 {[%emt 0:04:12]} Bxf3 {[%emt 0:00:09]} 9. Qxf3 {[%emt 0:00:04]} a6 {[%emt 0:00:25]} 10. Ba4 {[%emt 0:04:33]} b5 {[%emt 0:12:59]} 11. Qxd5 {[%emt 0:03:13]} Nxd4 {[%emt 0:09:39]} 12. Bb3 {[%emt 0:02:12]} Nxc2+ {[%emt 0:01:12]} 13. Ke2 {[%emt 0:04:23]} Nd4+ {[%emt 0:01:24]} 14. Kf1 {[%emt 0:01:26]} Nxb3 {[%emt 0:02:09]} 15. Qc6+ {[%emt 0:01:07]} Kf8 {[%emt 0:00:06]} 16. axb3 {[%emt 0:00:03]} Nf6 {[%emt 0:12:37]} 17. Rd1 {[%emt 0:02:54]} Qe8 {[%emt 0:01:55]} 18. Qb7 {[%emt 0:05:17]} h5 {[%emt 0:09:05]} 19. Re1 {[%emt 0:07:27]} e6 {[%emt 0:01:49]} 20. h4 {[%emt 0:11:53]} Kg8 {[%emt 0:07:18]} 21. Bxf6 {[%emt 0:01:35]} Bxf6 {[%emt 0:00:08]} 22. Nd5 {[%emt 0:00:03]} Kg7 {[%emt 0:00:32]} 23. Nxf6 {[%emt 0:00:52]} Kxf6 {[%emt 0:00:10]} 24. Rh3 {[%emt 0:00:02]} Kg7 {[%emt 0:00:24]} 25. Rf3 {[%emt 0:02:45]} Rf8 {[%emt 0:00:44]} 26. Rc1 {[%emt 0:00:24]} Qb8 {[%emt 0:13:15]} 27. Rc7 {[%emt 0:00:13]} Qxb7 {[%emt 0:00:07]} 28. Rxb7 {[%emt 0:00:02]} Rac8 {[%emt 0:00:13]} 29. g3 {[%emt 0:01:05]} Rc6 {[%emt 0:01:13]} 30. Ra7 {[%emt 0:01:41]} Kg8 {[%emt 0:00:53]} 31. b4 {[%emt 0:02:58]} f5 {[%emt 0:01:06]} 32. Rc3 {[%emt 0:02:13]} Rxc3 {[%emt 0:07:07]} 33. bxc3 {[%emt 0:00:02]} f4 {[%emt 0:00:06]} 34. Kg2 {[%emt 0:02:52]} f3+ {[%emt 0:01:26]} 35. Kh3 {[%emt 0:01:24]} Rc8 {[%emt 0:00:36]} 36. Rxa6 {[%emt 0:00:25]} Kf7 {[%emt 0:00:34]} 37. Rb6 {[%emt 0:04:39]} Rxc3 {[%emt 0:00:19]} 38. Rxb5 {[%emt 0:00:04]} Rc1 {[%emt 0:00:20]} 39. g4 {[%emt 0:01:03]} Rh1+ {[%emt 0:00:10]} 40. Kg3 {[%emt 0:00:01]} Rg1+ {[%emt 0:00:04]} 41. Kxf3 {[%emt 0:00:41]} Rxg4 {[%emt 0:00:04]} 42. Rb8 {[%emt 0:00:30]} Rxh4 {[%emt 0:00:12]} 43. b5 {[%emt 0:00:06]} Rb4 {[%emt 0:01:14]} 44. b6 {[%emt 0:01:11]} Kg7 {[%emt 0:02:16]} 45. b7 {[%emt 0:01:14]} g5 {[%emt 0:01:14]} 46. Kg3 {[%emt 0:00:45]} Rb3+ {[%emt 0:00:23]} 47. f3 {[%emt 0:00:49]} e5 {[%emt 0:01:37]} 48. Kg2 {[%emt 0:00:32]} h4 {[%emt 0:01:30]} 49. Kh2 {[%emt 0:00:25]} e4 {[%emt 0:02:28]} 50. Re8 {[%emt 0:00:33]} Rxb7 {[%emt 0:00:35]} 51. Rxe4 {[%emt 0:00:02]} Rb2+ {[%emt 0:01:04]} 52. Kh3 {[%emt 0:00:17]} Rf2 {[%emt 0:01:09]} 53. f4 {[%emt 0:01:07]} Rf3+ {[%emt 0:00:04]} 54. Kg4 {[%emt 0:00:01]} Rg3+ {[%emt 0:00:08]} 55. Kf5 {[%emt 0:00:06]} g4 {[%emt 0:00:32]} 56. Re7+ {[%emt 0:00:42]} Kf8 {[%emt 0:00:06]} 57. Rh7 {[%emt 0:00:22]} h3 {[%emt 0:00:09]} 58. Kg5 {[%emt 0:01:24]} Kg8 {[%emt 0:00:40]} 59. Rh4 {[%emt 0:00:24]} Rg2 {[%emt 0:01:03]} 60. f5 {[%emt 0:00:25]} h2 {[%emt 0:00:18]} 61. Kg6 {[%emt 0:00:34]} Rf2 {[%emt 0:00:58]} 62. f6 {[%emt 0:00:37]} g3 {[%emt 0:00:20]} 63. Rd4 {[%emt 0:00:34]} Rxf6+ {[%emt 0:00:16]} 64. Kxf6 {[%emt 0:00:05]} h1=Q {[%emt 0:00:10]} 65. Rg4+ {[%emt 0:00:20]} Kf8 {[%emt 0:00:16]} 66. Rxg3 {[%emt 0:00:06]} Qh6+ {[%emt 0:02:22]} 67. Kf5 {[%emt 0:00:12]} Kf7 {[%emt 0:00:34]} 68. Rf3 {[%emt 0:00:34]} Qh5+ {[%emt 0:00:36]} 69. Kf4 {[%emt 0:00:42]} Kf6 {[%emt 0:00:21]} 70. Ke4+ {[%emt 0:00:24]} Ke6 {[%emt 0:00:12]} 71. Re3 {[%emt 0:00:05]} Qg4+ {[%emt 0:00:09]} 72. Kd3+ {[%emt 0:00:05]} Kd5 {[%emt 0:00:06]} 73. Kd2 {[%emt 0:00:20]} Qf4 {[%emt 0:00:56]} 74. Kd3 {[%emt 0:00:17]} Qc4+ {[%emt 0:00:13]} 75. Kd2 {[%emt 0:00:02]} Kd4 {[%emt 0:00:20]} 76. Re2 {[%emt 0:01:08]} Qb4+ {[%emt 0:02:44]} 77. Kc2 {[%emt 0:00:18]} Qa4+ {[%emt 0:00:39]} 78. Kd2 {[%emt 0:00:21]} Qa1 {[%emt 0:01:03]} 79. Kc2 {[%emt 0:01:06]} Qa2+ {[%emt 0:00:15]} 80. Kd1 {[%emt 0:00:02]} Qb1+ {[%emt 0:00:19]} 81. Kd2 {[%emt 0:00:01]} Qf1 {[%emt 0:00:09]} 82. Re1 {[%emt 0:01:13]} Qd3+ {[%emt 0:00:17]} 83. Kc1 {[%emt 0:00:06]} Kc3 {[%emt 0:00:24]} 84. Re2 {[%emt 0:00:06]} Qxe2 {[%emt 0:00:16]} 0-1

[Event "2nd Gujarat Open 2019"]
[Site "Ahmedabad, Gujarat"]
[Date "2019.09.27"]
[Round "8.19"]
[White "Zia, Tahsin Tajwar"]
[Black "Pranav Vijay"]
[Result "0-1"]
[WhiteElo "2142"]
[BlackElo "2265"]
[Annotator "NA"]
[PlyCount "64"]
[EventDate "2019.09.22"]
[EventType "swiss"]
[EventCountry "IND"]
[SourceTitle "playchess.com"]
[Source "ChessBase"]
[SourceQuality "1"]
[TimeControl "5400+30"]

1. d4 {[%emt 0:00:00]} Nf6 {[%emt 0:00:00]} 2. Bg5 {[%emt 0:00:39]} Ne4 {[%emt 0:00:00]} 3. Bf4 {[%emt 0:00:07]} c5 {[%emt 0:00:09]} 4. f3 {[%emt 0:00:06]} Nf6 {[%emt 0:01:31]} 5. d5 {[%emt 0:00:27]} g6 {[%emt 0:02:48]} 6. e4 {[%emt 0:00:24]} d6 {[%emt 0:01:14]} 7. Nc3 {[%emt 0:00:14]} Nbd7 {[%emt 0:02:14]} 8. Qd2 {[%emt 0:00:53]} a6 {[%emt 0:02:04]} 9. a4 {[%emt 0:00:10]} Qa5 {[%emt 0:01:15]} 10. Ra3 {[%emt 0:04:11]} h6 {[%emt 0:03:22]} 11. g4 {[%emt 0:03:07]} Bg7 {[%emt 0:02:38]} 12. Nge2 {[%emt 0:03:53]} Rb8 {[%emt 0:01:36]} 13. Nc1 {[%emt 0:02:01]} Qc7 {[%emt 0:03:11]} 14. Nb3 {[%emt 0:03:06]} g5 {[%emt 0:03:38]} 15. Be3 {[%emt 0:03:34]} Ne5 {[%emt 0:00:35]} 16. Qg2 {[%emt 0:05:31]} Ng6 {[%emt 0:01:38]} 17. h4 {[%emt 0:15:19]} Nxh4 {[%emt 0:03:21]} 18. Rxh4 {[%emt 0:01:04]} gxh4 {[%emt 0:00:08]} 19. Qh2 {[%emt 0:07:20]} h5 {[%emt 0:03:11]} 20. g5 {[%emt 0:02:05]} Nd7 {[%emt 0:01:19]} 21. f4 {[%emt 0:00:22]} Qb6 {[%emt 0:10:20]} 22. Bd3 {[%emt 0:09:26]} Qc7 {[%emt 0:07:56]} 23. Be2 {[%emt 0:00:42]} Nf8 {[%emt 0:11:03]} 24. a5 {[%emt 0:03:33]} Bg4 {[%emt 0:00:47]} 25. Bc4 {[%emt 0:02:48]} Ng6 {[%emt 0:01:56]} 26. Na4 {[%emt 0:08:49]} h3 {[%emt 0:06:18]} 27. Qg3 {[%emt 0:02:51]} f6 {[%emt 0:00:42]} 28. gxf6 {[%emt 0:04:49]} Bxf6 {[%emt 0:00:06]} 29. Kf1 {[%emt 0:00:15]} Rf8 {[%emt 0:04:29]} 30. Nd2 {[%emt 0:03:20]} Be5 {[%emt 0:00:38]} 31. Kg1 {[%emt 0:00:58]} Nxf4 {[%emt 0:00:41]} 32. Bxf4 {[%emt 0:00:06]} Rxf4 0-1